[Event "Dhaka Al Mahmud Memorial"]
[Site "Dhaka"]
[Date "2022.02.08"]
[Round "4"]
[White "Moniruzzaman, Masud"]
[Black "Yasir Ali, Khan Evan"]
[Result "0-1"]
[WhiteElo "1787"]
[BlackElo "1950"]
[PlyCount "107"]
[EventDate "2022.02.05"]
[EventType "swiss"]
[EventRounds "9"]
[EventCountry "BAN"]
[SourceTitle "CBM 206 Extra"]
[Source "ChessBase"]
[SourceDate "2022.03.31"]
[SourceVersion "1"]
[SourceVersionDate "2022.03.31"]
[SourceQuality "1"]

1. Nf3 c5 2. c4 Nf6 3. d4 d6 4. Nc3 cxd4 5. Nxd4 g6 6. g3 Qc7 7. b3 Bg7 8. Bg2 0-0 9. 0-0 Nc6 10. Nxc6 bxc6 11. Bb2 Rb8 12. e3 Bf5 13. Ne2 c5 14. Nf4 e5 15. Nd5 Nxd5 16. Qxd5 Be6 17. Qd2 a5 18. Rfc1 a4 19. bxa4 Rb4 20. a5 Rfb8 21. Bc3 Rxc4 22. a6 Ra4 23. Bb7 Bc8 24. Qc2 Ra3 25. Bb4 Rxa6 26. Bxa6 Bxa6 27. Rab1 Qc6 28. e4 Bh6 29. Rd1 Rc8 30. Ba5 Bb5 31. Qb2 Bc4 32. Qb7 Bxa2 33. Qxc6 Rxc6 34. Rb6 Rxb6 35. Bxb6 Bf8 36. Bc7 Bb3 37. Rd2 c4 38. Ba5 f5 39. f3 Kf7 40. Kf1 Ke6 41. Bc3 fxe4 42. fxe4 Bh6 43. Rd5 Bc2 44. Bb4 Bf8 45. Ke2 Bxe4 46. Rd2 Bd3+ 47. Kd1 Be7 48. h4 h5 49. Rh2 Bf6 50. Rf2 d5 51. Bd2 d4 52. Bg5 Bxg5 53. hxg5 Bf5 54. Ra2 0-1